[Event "Kort Paaske 1-3"]
[Site "Svendborg"]
[Date "2019.04.13"]
[Round "1"]
[White "Sorensen, Bernhard W"]
[Black "Saliev, Ramadan"]
[Result "1-0"]
[WhiteElo "1551"]
[BlackElo "1431"]
[PlyCount "107"]
[EventDate "2019.04.13"]
[EventRounds "5"]
[EventCountry "DEN"]

1. d4 Nf6 2. Bf4 e6 3. e3 d5 4. Nf3 a6 5. Bd3 b5 6. Ne5 Bb7 7. Nd2 Nbd7 8. O-O
c5 9. c3 cxd4 10. exd4 Nxe5 11. Bxe5 Bd6 12. Nf3 Bxe5 13. Nxe5 O-O 14. Re1 Re8
15. Re3 Ne4 16. Rh3 Qg5 17. Rh5 Qf4 18. Bxe4 dxe4 19. g3 Qf6 20. Qg4 g6 21. Rh3
Re7 22. Rf1 Qf5 23. Qh4 f6 24. Ng4 Kf8 25. Qxf6+ Rf7 26. Qxf5 exf5 27. Ne5 Rg7
28. f3 Ke7 29. fxe4 Bxe4 30. Rh4 g5 31. Rh6 f4 32. Re1 Bb7 33. Nc4+ Kf8 34. Nd6
Kg8 35. Nxb7 Rxb7 36. Ree6 Rba7 37. Re5 Rg7 38. Rh5 fxg3 39. hxg3 Kf7 40. Rhxg5
Rxg5 41. Rxg5 Kf6 42. Re5 Rh8 43. Kg2 h6 44. Rc5 Re8 45. Rc6+ Kg5 46. Rc5+ Kg4
47. Re5 Rxe5 48. dxe5 Kf5 49. Kh3 Kxe5 50. Kh4 Kf6 51. Kh5 Kg7 52. g4 a5 53. b3
b4 54. c4 1-0

[Event "Kort Paaske 1-3"]
[Site "Svendborg"]
[Date "2019.04.13"]
[Round "1"]
[White "Thygesen, Jesper Hoyerup"]
[Black "Nielsen, Pia"]
[Result "1/2-1/2"]
[WhiteElo "1632"]
[BlackElo "1327"]
[PlyCount "56"]
[EventDate "2019.04.13"]
[EventRounds "5"]
[EventCountry "DEN"]

1. d4 Nf6 2. c4 d6 3. Nf3 Bg4 4. e3 Nc6 5. Be2 e6 6. Nc3 Be7 7. O-O O-O 8. Re1
Rc8 9. a3 Qd7 10. b4 a6 11. Bb2 Nd8 12. c5 c6 13. Na4 Rb8 14. Nb6 Qc7 15. Qc2
Bh5 16. Rad1 Nd5 17. Nc4 f5 18. cxd6 Bxd6 19. Nxd6 Qxd6 20. Ne5 Bxe2 21. Rxe2
Nf7 22. Nxf7 Rxf7 23. Qc5 Qd7 24. Rc1 Rc8 25. f3 b6 26. Qc4 b5 27. Qc5 Rf6 28.
e4 fxe4 1/2-1/2

[Event "Kort Paaske 1-3"]
[Site "Svendborg"]
[Date "2019.04.13"]
[Round "1"]
[White "Ringsmose, Christian"]
[Black "Nielsen, Laurits"]
[Result "1-0"]
[WhiteElo "1513"]
[BlackElo "1235"]
[PlyCount "37"]
[EventDate "2019.04.13"]
[EventRounds "5"]
[EventCountry "DEN"]

1. e4 c5 2. Nf3 d6 3. d4 cxd4 4. Nxd4 Bd7 5. Nc3 Nf6 6. f3 g6 7. Be3 Bg7 8. Qd2
O-O 9. g4 Re8 10. h4 Bxg4 11. fxg4 Nxg4 12. h5 Nxe3 13. Qxe3 Nd7 14. hxg6 fxg6
15. Bc4+ Kh8 16. O-O-O Ne5 17. Rxh7+ Kxh7 18. Rh1+ Bh6 19. Qxh6# 1-0

[Event "Kort Paaske 1-3"]
[Site "Svendborg"]
[Date "2019.04.13"]
[Round "1"]
[White "Radovic, Slobodan"]
[Black "Langer, Peter"]
[Result "1-0"]
[WhiteElo "1552"]
[BlackElo "1565"]
[PlyCount "123"]
[EventDate "2019.04.13"]
[EventRounds "5"]
[EventCountry "DEN"]

1. e4 c5 2. Nc3 d6 3. d3 e6 4. f4 Nc6 5. Nf3 Be7 6. g3 Nf6 7. Bg2 Qb6 8. Ne2
Bd7 9. c3 Rc8 10. Rb1 a5 11. h3 Na7 12. Be3 Qa6 13. O-O c4 14. Ne1 cxd3 15. Nd4
Nc6 16. Qxd3 Qxd3 17. Nxd3 Nxd4 18. Bxd4 Bc6 19. e5 Ne4 20. exd6 Bxd6 21. Bxe4
Bxe4 22. Rbd1 O-O 23. Nf2 Bd5 24. Bb6 Bc7 25. Bxc7 Rxc7 26. a3 b5 27. Rd4 f6
28. Rfd1 Rc4 29. R1d2 Rxd4 30. Rxd4 f5 31. Nd3 Rc8 32. Kf2 Rc7 33. h4 g6 34.
Ke3 Kf8 35. Ne5 a4 36. Rd1 Ke7 37. Rd2 Kf6 38. Rd4 Bc4 39. Rd8 Ke7 40. Rh8 Kf6
41. Rd8 Ke7 42. Rb8 Bf1 43. Kf2 Bc4 44. Nxc4 bxc4 45. Rb4 Kd6 46. Rxa4 e5 47.
Rb4 exf4 48. gxf4 Kd5 49. Kf3 h5 50. Rb5+ Kc6 51. Re5 Rb7 52. Re2 Kd5 53. a4
Ra7 54. a5 Kd6 55. Re5 Ra6 56. Ke3 Rc6 57. Rb5 Rc8 58. Kd4 Ke6 59. Rb6+ Kf7 60.
a6 Rd8+ 61. Kxc4 Rc8+ 62. Kb5 1-0

[Event "Kort Paaske 1-3"]
[Site "Svendborg"]
[Date "2019.04.13"]
[Round "1"]
[White "Henriksen, Ole"]
[Black "Andries, Alf"]
[Result "1-0"]
[WhiteElo "1559"]
[BlackElo "1563"]
[PlyCount "77"]
[EventDate "2019.04.13"]
[EventRounds "5"]
[EventCountry "DEN"]

1. e4 c5 2. Nf3 d6 3. d4 cxd4 4. Nxd4 Nf6 5. Nc3 a6 6. Be2 e6 7. O-O Nbd7 8.
Be3 Qc7 9. Qd2 Be7 10. f4 e5 11. Nf5 Bf8 12. Rad1 Nc5 13. Nxd6+ Bxd6 14. Qxd6
Qxd6 15. Rxd6 Ncxe4 16. Nxe4 Nxe4 17. Rd5 Be6 18. Rxe5 Nf6 19. f5 Nd7 20. Re4
Nf6 21. Re5 Nd7 22. Ra5 b6 23. Bxb6 Nxb6 24. fxe6 fxe6 25. Rxa6 Rxa6 26. Bxa6
Ke7 27. Bd3 Ra8 28. a3 g6 29. Bb5 Ra5 30. c4 Na4 31. Bxa4 Rxa4 32. Rc1 Kd6 33.
Kf2 Kc5 34. Ke3 Ra8 35. b4+ Kb6 36. Rc3 Ra4 37. Ke4 Kc6 38. Ke5 Kd7 39. c5 1-0

[Event "Kort Paaske 1-3"]
[Site "Svendborg"]
[Date "2019.04.13"]
[Round "1"]
[White "Zander, Emil"]
[Black "Knudsen, Philip Uhre"]
[Result "0-1"]
[WhiteElo "1422"]
[BlackElo "1414"]
[PlyCount "76"]
[EventDate "2019.04.13"]
[EventRounds "5"]
[EventCountry "DEN"]

1. d4 Nf6 2. Bf4 g6 3. Nc3 Bg7 4. Nf3 d6 5. g3 O-O 6. Bg2 Nbd7 7. e4 c5 8. d5
Qb6 9. Rb1 Nh5 10. Be3 Bxc3+ 11. bxc3 Qa5 12. O-O Qxc3 13. Nh4 Nhf6 14. Bh6 Re8
15. f4 Rb8 16. f5 Ne5 17. fxg6 fxg6 18. Qc1 Neg4 19. Qg5 Nxh6 20. Qxh6 Ng4 21.
Qg5 Qe3+ 22. Qxe3 Nxe3 23. Rf2 Rf8 24. Re2 Nxg2 25. Kxg2 Bg4 26. Ree1 b6 27.
Rf1 Rxf1 28. Rxf1 Rf8 29. Rxf8+ Kxf8 30. h3 Bd7 31. g4 Ba4 32. c3 a5 33. Kf2
Kg7 34. g5 b5 35. Ke3 b4 36. Kd2 Bd7 37. c4 Bxh3 38. Kc2 Bf1 0-1

[Event "Kort Paaske 1-3"]
[Site "Svendborg"]
[Date "2019.04.13"]
[Round "1"]
[White "Reyzvikh, Artem"]
[Black "Knudsen, Tage"]
[Result "1/2-1/2"]
[WhiteElo "1534"]
[BlackElo "1558"]
[PlyCount "94"]
[EventDate "2019.04.13"]
[EventRounds "5"]
[EventCountry "DEN"]

1. e4 e5 2. Nf3 Nc6 3. d4 exd4 4. Nxd4 Bc5 5. Be3 Nxd4 6. Bxd4 Bxd4 7. Qxd4 Qg5
8. Qd2 Qxd2+ 9. Nxd2 d6 10. O-O-O Bd7 11. Bc4 Ne7 12. Rhe1 O-O 13. Nb1 Ng6 14.
Nc3 Ne5 15. Bb3 Rfe8 16. f3 Be6 17. Bxe6 fxe6 18. Nb5 Rec8 19. b3 Nc6 20. Kb2
a6 21. Nd4 Nxd4 22. Rxd4 e5 23. Rdd1 b5 24. Rf1 Rf8 25. g3 g5 26. Rd2 Rf7 27.
Rdf2 Raf8 28. Kc3 a5 29. a4 b4+ 30. Kd3 h5 31. Ke3 c6 32. Rd1 Rf6 33. h4 gxh4
34. gxh4 Kf7 35. f4 exf4+ 36. Rxf4 Rxf4 37. Kxf4 Ke6+ 38. Kg5 Rh8 39. Rd3 Ke5
40. Kg6 c5 41. Kg7 Rd8 42. Kg6 Rh8 43. Rd5+ Ke6 44. Rxh5 Rg8+ 45. Kh7 Rg4 46.
Rh6+ Kf7 47. h5 Rg7+ 1/2-1/2

[Event "Kort Paaske 1-3"]
[Site "Svendborg"]
[Date "2019.04.13"]
[Round "1"]
[White "Dam, Lis K"]
[Black "Moller, Andre Friis"]
[Result "0-1"]
[WhiteElo "1209"]
[BlackElo "1474"]
[PlyCount "46"]
[EventDate "2019.04.13"]
[EventRounds "5"]
[EventCountry "DEN"]

1. c4 g6 2. Nc3 Bg7 3. d4 Nf6 4. e3 O-O 5. Be2 d6 6. Bf3 c6 7. h3 Re8 8. Nge2
e5 9. Ne4 Nxe4 10. Bxe4 exd4 11. Bd3 dxe3 12. Bxe3 Bxb2 13. Rb1 Bg7 14. Qd2 Nd7
15. f4 Qh4+ 16. g3 Qe7 17. Bg1 b6 18. Kd1 Nf6 19. Kc2 Ne4 20. Qe3 Nc5 21. Qf3
Nxd3 22. Kb3 Qxe2 23. Qxc6 Nc1+ 0-1

[Event "Kort Paaske 1-3"]
[Site "Svendborg"]
[Date "2019.04.14"]
[Round "2"]
[White "Langer, Peter"]
[Black "Zander, Emil"]
[Result "1-0"]
[WhiteElo "1565"]
[BlackElo "1422"]
[PlyCount "77"]
[EventDate "2019.04.13"]
[EventRounds "5"]
[EventCountry "DEN"]

1. d4 Nf6 2. Bf4 g6 3. e3 Bg7 4. Bd3 c6 5. c3 d5 6. h3 O-O 7. Nf3 Nbd7 8. Nbd2
Re8 9. O-O Nh5 10. Bh2 e5 11. dxe5 Nxe5 12. Be2 Nxf3+ 13. Nxf3 Nf6 14. Qb3 Ne4
15. Rad1 Qe7 16. Nd4 c5 17. Nb5 a6 18. Nc7 Be6 19. Nxa8 Rxa8 20. Qc2 Bf5 21.
Qb3 Be6 22. c4 dxc4 23. Bxc4 Bxc4 24. Qxc4 b5 25. Qd5 Re8 26. Qb3 c4 27. Qc2
Qa7 28. Rd5 Nc5 29. b3 c3 30. Rfd1 Ne6 31. Be5 Bxe5 32. Rxe5 b4 33. Red5 Qb7
34. Ra5 Qb6 35. Rad5 Nc5 36. Rd6 Qc7 37. R1d4 Ne4 38. Rxa6 Qb7 39. Ra4 1-0

[Event "Kort Paaske 1-3"]
[Site "Svendborg"]
[Date "2019.04.14"]
[Round "2"]
[White "Andries, Alf"]
[Black "Nielsen, Laurits"]
[Result "1-0"]
[WhiteElo "1563"]
[BlackElo "1235"]
[PlyCount "65"]
[EventDate "2019.04.13"]
[EventRounds "5"]
[EventCountry "DEN"]

1. e4 c6 2. d4 d5 3. e5 Bf5 4. Nc3 e6 5. g4 Bg6 6. Nge2 Nd7 7. Nf4 Ne7 8. Bg2
h6 9. h4 Bh7 10. g5 Nf5 11. g6 Bxg6 12. Nxg6 fxg6 13. Qg4 g5 14. hxg5 Qe7 15.
gxh6 gxh6 16. Qh5+ Qf7 17. Qxf7+ Kxf7 18. Ne2 h5 19. Bd2 Be7 20. O-O-O Rag8 21.
Bf3 Nh4 22. Rh3 Nxf3 23. Rxf3+ Ke8 24. Nf4 Rf8 25. Rh3 h4 26. Ng6 Rh5 27. Nxf8
Nxf8 28. Rg1 Nh7 29. f4 c5 30. c3 b5 31. Be1 a5 32. Rgh1 Bf8 33. Rxh4 1-0

[Event "Kort Paaske 1-3"]
[Site "Svendborg"]
[Date "2019.04.14"]
[Round "2"]
[White "Knudsen, Philip Uhre"]
[Black "Radovic, Slobodan"]
[Result "1-0"]
[WhiteElo "1414"]
[BlackElo "1552"]
[PlyCount "65"]
[EventDate "2019.04.13"]
[EventRounds "5"]
[EventCountry "DEN"]

1. e4 Nf6 2. e5 Nd5 3. d4 d6 4. exd6 exd6 5. c4 Nf6 6. Nc3 c6 7. Bg5 Be7 8. Nf3
O-O 9. Be2 h6 10. Bf4 Nh5 11. Be3 Nf6 12. O-O Re8 13. Qb3 Ng4 14. Bf4 Nd7 15.
Rfe1 Nf8 16. Rad1 g5 17. Bg3 h5 18. h3 Nh6 19. d5 g4 20. hxg4 hxg4 21. Nh2 c5
22. Bf4 Bg5 23. Bxg5 Qxg5 24. Bd3 Qd8 25. Ne4 Nh7 26. Qc3 Re5 27. Ng3 Qg5 28.
Rxe5 dxe5 29. Bxh7+ Kxh7 30. Ne4 Qg7 31. d6 f5 32. Nxc5 g3 33. Qxg3 1-0

[Event "Kort Paaske 1-3"]
[Site "Svendborg"]
[Date "2019.04.14"]
[Round "2"]
[White "Knudsen, Tage"]
[Black "Thygesen, Jesper Hoyerup"]
[Result "1/2-1/2"]
[WhiteElo "1558"]
[BlackElo "1632"]
[PlyCount "52"]
[EventDate "2019.04.13"]
[EventRounds "5"]
[EventCountry "DEN"]

1. d4 d5 2. c4 e6 3. Nc3 Nf6 4. e3 Be7 5. Bd3 dxc4 6. Bxc4 Nbd7 7. Nf3 O-O 8.
O-O c5 9. d5 Nb6 10. Bb3 exd5 11. Qe2 Be6 12. a4 c4 13. Bc2 a6 14. h3 Bb4 15.
Rd1 Qc7 16. Nd4 Nbd7 17. e4 Rfe8 18. Nxe6 fxe6 19. Qf3 Bxc3 20. bxc3 dxe4 21.
Bxe4 Nxe4 22. Qxe4 Nf6 23. Qf3 Nd5 24. Bd2 Qf7 25. Qe2 Qc7 26. a5 Qc5 1/2-1/2

[Event "Kort Paaske 1-3"]
[Site "Svendborg"]
[Date "2019.04.14"]
[Round "2"]
[White "Moller, Andre Friis"]
[Black "Sorensen, Bernhard W"]
[Result "1/2-1/2"]
[WhiteElo "1474"]
[BlackElo "1551"]
[PlyCount "47"]
[EventDate "2019.04.13"]
[EventRounds "5"]
[EventCountry "DEN"]

1. e4 g6 2. d4 Bg7 3. Nf3 d6 4. Bc4 e6 5. O-O a6 6. Re1 b5 7. Bb3 Nd7 8. c3 Bb7
9. Bf4 Ngf6 10. e5 dxe5 11. dxe5 Nd5 12. Bg5 Ne7 13. Nbd2 h6 14. Bh4 g5 15. Bg3
Nf5 16. Qc2 Nxg3 17. hxg3 g4 18. Nd4 c5 19. Nxe6 fxe6 20. Qg6+ Kf8 21. Bxe6 Qe7
22. Qxg4 Nxe5 23. Qf5+ Nf7 24. Bd5 1/2-1/2

[Event "Kort Paaske 1-3"]
[Site "Svendborg"]
[Date "2019.04.14"]
[Round "2"]
[White "Henriksen, Ole"]
[Black "Ringsmose, Christian"]
[Result "0-1"]
[WhiteElo "1559"]
[BlackElo "1513"]
[PlyCount "42"]
[EventDate "2019.04.13"]
[EventRounds "5"]
[EventCountry "DEN"]

1. e4 e5 2. Nf3 Nc6 3. Bb5 a6 4. Ba4 Nf6 5. O-O b5 6. Bb3 Be7 7. Re1 O-O 8. c3
d5 9. exd5 Nxd5 10. d3 Be6 11. Nbd2 Nf4 12. Nxe5 Nxe5 13. Rxe5 Nxd3 14. Rxe6
fxe6 15. Bxe6+ Kh8 16. Ne4 Nxf2 17. Nxf2 Bc5 18. Qg4 Bxf2+ 19. Kh1 Bc5 20. Bg5
Qd3 21. Bf5 Rxf5 0-1

[Event "Kort Paaske 1-3"]
[Site "Svendborg"]
[Date "2019.04.14"]
[Round "2"]
[White "Saliev, Ramadan"]
[Black "Dam, Lis K"]
[Result "1-0"]
[WhiteElo "1431"]
[BlackElo "1209"]
[PlyCount "71"]
[EventDate "2019.04.13"]
[EventRounds "5"]
[EventCountry "DEN"]

1. e4 e5 2. Nf3 Nc6 3. Bc4 h6 4. d4 d6 5. Nc3 Bg4 6. dxe5 Nxe5 7. Be2 Nxf3+ 8.
Bxf3 Bxf3 9. Qxf3 c6 10. b3 Be7 11. Bb2 Bf6 12. O-O-O Bg5+ 13. Kb1 Qf6 14. Qe2
Qe6 15. g3 Bf6 16. f4 Bxc3 17. Bxc3 Nf6 18. e5 O-O 19. Rxd6 Qg4 20. Qd3 Nd5 21.
Bb2 Rad8 22. Ba3 Rfe8 23. h3 Qc8 24. c4 Rxd6 25. Bxd6 Ne7 26. g4 Qd7 27. Rd1
Nc8 28. Qe3 f5 29. Qg3 fxg4 30. hxg4 Ne7 31. f5 h5 32. e6 Qd8 33. Kc1 hxg4 34.
Qxg4 Rf8 35. Be5 Nxf5 36. Rxd8 1-0

[Event "Kort Paaske 1-3"]
[Site "Svendborg"]
[Date "2019.04.14"]
[Round "2"]
[White "Nielsen, Pia"]
[Black "Rasmussen, Erik Elmer"]
[Result "0-1"]
[WhiteElo "1327"]
[BlackElo "1530"]
[PlyCount "150"]
[EventDate "2019.04.13"]
[EventRounds "5"]
[EventCountry "DEN"]

1. Nf3 c5 2. c4 Nf6 3. d4 e6 4. Nc3 cxd4 5. Nxd4 Nc6 6. Bg5 Be7 7. g3 Qb6 8. e3
h6 9. Bxf6 Bxf6 10. Ndb5 O-O 11. Qh5 a6 12. c5 Bxc3+ 13. bxc3 Qa5 14. Bg2 Qxb5
15. a4 Qc4 16. Rc1 Nb4 17. Bf1 Nd3+ 18. Bxd3 Qxd3 19. Qe5 Qc4 20. a5 Qb5 21.
Qc7 f6 22. Rd1 e5 23. Rf1 Re8 24. f3 Kf7 25. Rd6 Re6 26. Rxe6 Kxe6 27. Qd6+ Kf7
28. Qd5+ Kf8 29. Qd6+ Ke8 30. f4 exf4 31. Rxf4 Qc6 32. Qd3 Kf7 33. Qc4+ Qe6 34.
Qe2 Qd5 35. g4 Qxc5 36. Qa2+ d5 37. Rd4 Qxc3+ 38. Kf2 Be6 39. h4 Rc8 40. Kf3
Rc4 41. Rxc4 Qxc4 42. Qb1 Qc6 43. h5 d4+ 44. Kg3 dxe3 45. Qg6+ Kf8 46. Qd3 Qc7+
47. Kf3 Qd7 48. Qxe3 Bxg4+ 49. Kf2 Bxh5 50. Qc5+ Qe7 51. Qxh5 Qe5 52. Qg4 Qc5+
53. Kf3 Qd5+ 54. Ke3 Kf7 55. Qb4 f5 56. Qb6 Qe6+ 57. Kf4 Qxb6 58. axb6 Kf6 59.
Ke3 Ke5 60. Kf3 a5 61. Ke3 f4+ 62. Kd3 a4 63. Kc3 Kd5 64. Kb4 Kc6 65. Kxa4 f3
66. Ka5 f2 67. Kb4 f1=R 68. Ka5 Rb1 69. Ka4 Kc5 70. Ka3 Kc4 71. Ka2 Rb5 72. Ka3
Rxb6 73. Ka2 Kc3 74. Ka1 Kc2 75. Ka2 Ra6# 0-1

[Event "Kort Paaske 1-3"]
[Site "Svendborg"]
[Date "2019.04.14"]
[Round "3"]
[White "Rasmussen, Erik Elmer"]
[Black "Moller, Andre Friis"]
[Result "1/2-1/2"]
[WhiteElo "1530"]
[BlackElo "1474"]
[PlyCount "51"]
[EventDate "2019.04.13"]
[EventRounds "5"]
[EventCountry "DEN"]

1. c4 Nf6 2. Nc3 g6 3. g3 Bg7 4. Bg2 O-O 5. d4 c6 6. e4 d6 7. Bg5 Qb6 8. Qd2
Re8 9. Nge2 Be6 10. b3 Bg4 11. O-O Bxe2 12. Nxe2 Nbd7 13. Bh6 e6 14. Bxg7 Kxg7
15. Nc3 Rad8 16. Rad1 Qc7 17. Rfe1 a6 18. f4 e5 19. f5 exd4 20. Qxd4 Ne5 21. h3
b5 22. cxb5 axb5 23. Rc1 Qb7 24. Re3 c5 25. Qd2 Qb6 26. Rce1 1/2-1/2

[Event "Kort Paaske 1-3"]
[Site "Svendborg"]
[Date "2019.04.14"]
[Round "3"]
[White "Sorensen, Bernhard W"]
[Black "Langer, Peter"]
[Result "1/2-1/2"]
[WhiteElo "1551"]
[BlackElo "1565"]
[PlyCount "20"]
[EventDate "2019.04.13"]
[EventRounds "5"]
[EventCountry "DEN"]

1. d4 d5 2. Bf4 Nf6 3. e3 c6 4. c3 Qb6 5. Qb3 Qxb3 6. axb3 Nbd7 7. h3 e6 8. Nf3
Be7 9. Bd3 O-O 10. Nbd2 c5 1/2-1/2

[Event "Kort Paaske 1-3"]
[Site "Svendborg"]
[Date "2019.04.14"]
[Round "3"]
[White "Knudsen, Tage"]
[Black "Henriksen, Ole"]
[Result "1/2-1/2"]
[WhiteElo "1558"]
[BlackElo "1559"]
[PlyCount "52"]
[EventDate "2019.04.13"]
[EventRounds "5"]
[EventCountry "DEN"]

1. d4 d5 2. c4 c6 3. cxd5 cxd5 4. Nf3 Nf6 5. e3 e6 6. Bb5+ Bd7 7. Qa4 a6 8.
Bxd7+ Nbxd7 9. Nc3 b5 10. Qd1 Be7 11. a3 O-O 12. O-O Rc8 13. Qd3 Rc6 14. h3 Qb8
15. Bd2 Rfc8 16. b4 Bd6 17. Rfc1 Rc4 18. Rab1 Qb7 19. Qe2 e5 20. dxe5 Nxe5 21.
Nd4 Qd7 22. f4 Nc6 23. Qd3 Nxd4 24. exd4 Qa7 25. Qf3 Qb7 26. Qf2 Qb6 1/2-1/2

[Event "Kort Paaske 1-3"]
[Site "Svendborg"]
[Date "2019.04.14"]
[Round "3"]
[White "Ringsmose, Christian"]
[Black "Knudsen, Philip Uhre"]
[Result "0-1"]
[WhiteElo "1513"]
[BlackElo "1414"]
[PlyCount "106"]
[EventDate "2019.04.13"]
[EventRounds "5"]
[EventCountry "DEN"]

1. e4 e5 2. Nf3 d6 3. c4 Nf6 4. Nc3 c6 5. d4 exd4 6. Nxd4 Be7 7. f3 O-O 8. Be3
c5 9. Nf5 Bxf5 10. exf5 Qb6 11. Qc2 Re8 12. O-O-O Qc6 13. Bd3 Nbd7 14. Rde1 Ne5
15. Be4 Nxe4 16. fxe4 Nxc4 17. h4 Bf6 18. Bg5 Bxc3 19. Qxc3 Ne5 20. f6 Qb5 21.
Kb1 Qd3+ 22. Qxd3 Nxd3 23. Re2 gxf6 24. Bxf6 Re6 25. Rh3 Rxf6 26. Rxd3 Kf8 27.
Rf3 Rxf3 28. gxf3 Ke7 29. Kc2 Rg8 30. e5 d5 31. Re3 Rg2+ 32. Kc1 Rh2 33. Rb3 b6
34. Ra3 Rxh4 35. Rxa7+ Ke6 36. Ra6 Rb4 37. a3 Rb5 38. f4 h5 39. Ra8 Kf5 40. Rf8
Kxf4 41. Rxf7+ Kxe5 42. Rh7 Kd4 43. Kc2 Kc4 44. Rxh5 Rb3 45. Rh4+ d4 46. Rh8
Rg3 47. Rh6 Rg2+ 48. Kb1 d3 49. Ka2 Rg4 50. Rxb6 d2 51. Rd6 Rd4 52. b3+ Kc3 53.
Rc6 d1=Q 0-1

[Event "Kort Paaske 1-3"]
[Site "Svendborg"]
[Date "2019.04.14"]
[Round "3"]
[White "Radovic, Slobodan"]
[Black "Saliev, Ramadan"]
[Result "0-1"]
[WhiteElo "1552"]
[BlackElo "1431"]
[PlyCount "56"]
[EventDate "2019.04.13"]
[EventRounds "5"]
[EventCountry "DEN"]

1. e4 e5 2. Bc4 Nc6 3. c3 Na5 4. Be2 b6 5. b4 Nc6 6. a4 Bb7 7. d3 Nf6 8. Nf3 d6
9. Nbd2 g6 10. Nb3 Bg7 11. h3 O-O 12. Be3 Qe7 13. b5 Nd8 14. O-O Ne6 15. Qd2
Rad8 16. c4 Nh5 17. g3 f5 18. Bh6 fxe4 19. Nh2 Rf7 20. Bxh5 Bxh6 21. Qxh6 gxh5
22. dxe4 Bxe4 23. Qxh5 Rg7 24. Nd2 Nf4 25. Nxe4 Nxh5 26. Ng4 Rg6 27. Rae1 Qf7
28. Nxe5 dxe5 0-1

[Event "Kort Paaske 1-3"]
[Site "Svendborg"]
[Date "2019.04.14"]
[Round "3"]
[White "Zander, Emil"]
[Black "Nielsen, Pia"]
[Result "0-1"]
[WhiteElo "1422"]
[BlackElo "1327"]
[PlyCount "50"]
[EventDate "2019.04.13"]
[EventRounds "5"]
[EventCountry "DEN"]

1. c3 c5 2. Nf3 Nc6 3. e4 e6 4. d4 cxd4 5. cxd4 Nf6 6. Nc3 Bb4 7. Bd3 O-O 8.
Bg5 h6 9. Bh4 g5 10. Bg3 Nh5 11. Qd2 Nxg3 12. hxg3 Qf6 13. e5 Qg7 14. a3 Ba5
15. b4 Bd8 16. Nh2 f5 17. exf6 Rxf6 18. Ng4 Nxd4 19. Nxf6+ Bxf6 20. Rb1 a5 21.
Ne4 Be7 22. f4 d5 23. Nf2 e5 24. O-O gxf4 25. gxf4 Nf3+ 0-1

[Event "Kort Paaske 1-3"]
[Site "Svendborg"]
[Date "2019.04.14"]
[Round "3"]
[White "Reyzvikh, Artem"]
[Black "Andries, Alf"]
[Result "1/2-1/2"]
[WhiteElo "1534"]
[BlackElo "1563"]
[PlyCount "64"]
[EventDate "2019.04.13"]
[EventRounds "5"]
[EventCountry "DEN"]

1. e4 c5 2. c3 Nc6 3. Nf3 d6 4. d4 e6 5. dxc5 dxc5 6. Qxd8+ Kxd8 7. Bf4 Nge7 8.
Nbd2 Ng6 9. Bg3 e5 10. O-O-O f6 11. h3 Kc7 12. Bc4 Bd6 13. Nb1 Re8 14. Na3 a6
15. Rd2 Bf8 16. Rhd1 Rd8 17. Bd5 Nge7 18. Bxc6 Nxc6 19. Rxd8 Nxd8 20. Kc2 Be6
21. Nd2 b5 22. c4 b4 23. Nab1 Nc6 24. b3 Nd4+ 25. Kb2 a5 26. f3 a4 27. Bf2 a3+
28. Kc1 Ne2+ 29. Kc2 Nf4 30. Rg1 Rd8 31. Be3 Ne2 32. Re1 Nd4+ 1/2-1/2

[Event "Kort Paaske 1-3"]
[Site "Svendborg"]
[Date "2019.04.14"]
[Round "3"]
[White "Nielsen, Laurits"]
[Black "Dam, Lis K"]
[Result "1/2-1/2"]
[WhiteElo "1235"]
[BlackElo "1209"]
[PlyCount "39"]
[EventDate "2019.04.13"]
[EventRounds "5"]
[EventCountry "DEN"]

1. e4 e5 2. Nf3 Nc6 3. Bc4 Be7 4. O-O Bf6 5. d3 Nge7 6. Be3 h6 7. Nbd2 d6 8. h3
Bd7 9. Nb3 Nc8 10. c3 Bg5 11. Nxg5 hxg5 12. Qf3 f6 13. Bxg5 Qe7 14. Be3 Nb6 15.
Bb5 O-O-O 16. Bxc6 Bxc6 17. Na5 Bd7 18. d4 g5 19. Rfd1 Rdg8 20. g4 1/2-1/2

[Event "Kort Paaske 1-3"]
[Site "Svendborg"]
[Date "2019.04.15"]
[Round "4"]
[White "Langer, Peter"]
[Black "Reyzvikh, Artem"]
[Result "1-0"]
[WhiteElo "1565"]
[BlackElo "1534"]
[PlyCount "65"]
[EventDate "2019.04.13"]
[EventRounds "5"]
[EventCountry "DEN"]

1. d4 f5 2. Bf4 Nf6 3. e3 e6 4. Be2 g6 5. h3 d6 6. Nf3 Nh5 7. Bg5 Be7 8. Bh6
Nd7 9. c3 Bf6 10. Nbd2 Bg7 11. Bg5 Bf6 12. h4 b6 13. Qb3 Nf8 14. Bb5+ Bd7 15.
O-O h6 16. Bxf6 Qxf6 17. e4 O-O-O 18. e5 Qe7 19. Ba6+ Kb8 20. a4 Bc8 21. Bb5 g5
22. exd6 Qxd6 23. Ne5 Qd5 24. Nc6+ Ka8 25. c4 Qd6 26. Nxd8 Qxd8 27. Qf3+ Bb7
28. Qxh5 Rg8 29. Nf3 gxh4 30. Nxh4 Qxh4 31. Qe8+ Qd8 32. Qxd8+ Bc8 33. Qxc8#
1-0

[Event "Kort Paaske 1-3"]
[Site "Svendborg"]
[Date "2019.04.15"]
[Round "4"]
[White "Andries, Alf"]
[Black "Thygesen, Jesper Hoyerup"]
[Result "0-1"]
[WhiteElo "1563"]
[BlackElo "1632"]
[PlyCount "82"]
[EventDate "2019.04.13"]
[EventRounds "5"]
[EventCountry "DEN"]

1. e4 e5 2. Nf3 Nc6 3. d4 exd4 4. Bc4 Bb4+ 5. c3 dxc3 6. bxc3 Bd6 7. O-O Nf6 8.
Re1 Be5 9. Bg5 O-O 10. Nxe5 Nxe5 11. Bb3 h6 12. Bh4 d6 13. Bg3 Re8 14. Qc2 Bd7
15. Nd2 a5 16. a4 Nh5 17. Bxe5 dxe5 18. Nf3 Nf6 19. Rad1 Qe7 20. Qb2 Bc6 21.
Bc2 Ra6 22. Qa1 Rb6 23. Nd2 Rd8 24. Nc4 Rxd1 25. Qxd1 Ra6 26. Bd3 Ra8 27. Qb1
b6 28. Qa1 Rd8 29. Bc2 Qc5 30. Qa2 Bb7 31. Qb3 Ba6 32. Nb2 Rd2 33. Nd1 Ng4 34.
Ne3 Rxf2 35. c4 Rd2 36. h3 Nxe3 37. Rxe3 Qxc4 38. Qxc4 Bxc4 39. Rc3 Rd4 40. Kf2
Kf8 41. Ke3 Ke7 0-1

[Event "Kort Paaske 1-3"]
[Site "Svendborg"]
[Date "2019.04.15"]
[Round "4"]
[White "Knudsen, Philip Uhre"]
[Black "Sorensen, Bernhard W"]
[Result "1-0"]
[WhiteElo "1414"]
[BlackElo "1551"]
[PlyCount "93"]
[EventDate "2019.04.13"]
[EventRounds "5"]
[EventCountry "DEN"]

1. e4 g6 2. d4 Bg7 3. Nc3 d6 4. Be3 a6 5. Qd2 b5 6. a3 Nd7 7. Bd3 Bb7 8. Nge2
c5 9. dxc5 Nxc5 10. Ng3 Nxd3+ 11. cxd3 h6 12. O-O Nf6 13. h3 Nd7 14. b4 Rc8 15.
Rac1 Ne5 16. f4 Nc6 17. d4 e6 18. f5 exf5 19. exf5 d5 20. fxg6 fxg6 21. Rce1
Ne7 22. Bf4 Kd7 23. Be5 Bxe5 24. Rxe5 Rf8 25. Rfe1 Rf7 26. Nce2 Qf8 27. Nc3 Kc7
28. a4 bxa4 29. Nxa4 Nc6 30. Nc5 Kb8 31. Rxd5 Ka8 32. Nxb7 Rxb7 33. Rc5 Rxb4
34. Rec1 Rb6 35. d5 Na7 36. Rxc8+ Nxc8 37. Qd4 Rb8 38. Ne4 Qf4 39. Ra1 Na7 40.
g3 Qf3 41. d6 Qe2 42. Qd5+ Rb7 43. d7 Qe3+ 44. Kg2 Qe2+ 45. Nf2 Kb8 46. d8=Q+
Nc8 47. Q5d6+ 1-0

[Event "Kort Paaske 1-3"]
[Site "Svendborg"]
[Date "2019.04.15"]
[Round "4"]
[White "Moller, Andre Friis"]
[Black "Ringsmose, Christian"]
[Result "0-1"]
[WhiteElo "1474"]
[BlackElo "1513"]
[PlyCount "94"]
[EventDate "2019.04.13"]
[EventRounds "5"]
[EventCountry "DEN"]

1. e4 e5 2. d4 exd4 3. Bc4 Bc5 4. c3 Nc6 5. Nf3 Qe7 6. O-O d6 7. cxd4 Bb6 8.
Nc3 Bg4 9. Nd5 Bxf3 10. gxf3 Qd7 11. Nxb6 axb6 12. Bb5 Ra5 13. a4 Nge7 14. b4
Ra8 15. d5 Qh3 16. dxc6 bxc6 17. Be2 O-O 18. Kh1 f5 19. Rg1 fxe4 20. Rg3 Qe6
21. fxe4 Qxe4+ 22. Bf3 Qxb4 23. Bd2 Qc5 24. Be3 Qf5 25. Bg4 Qd5+ 26. Qxd5+ Nxd5
27. Be6+ Kh8 28. Bd4 Nf6 29. Rag1 g6 30. Rf3 Kg7 31. Rg4 Rxa4 32. Bxf6+ Rxf6
33. Rxf6 Ra1+ 34. Kg2 Kxf6 35. Bd7 Rc1 36. Rh4 b5 37. Rxh7 b4 38. Rh3 Rc3 39.
Rh4 c5 40. Bb5 b3 41. Rc4 Rxc4 42. Bxc4 b2 43. Bd3 c4 44. Bc2 d5 45. Kf3 d4 46.
Ke4 d3 47. Bb1 d2 0-1

[Event "Kort Paaske 1-3"]
[Site "Svendborg"]
[Date "2019.04.15"]
[Round "4"]
[White "Saliev, Ramadan"]
[Black "Rasmussen, Erik Elmer"]
[Result "0-1"]
[WhiteElo "1431"]
[BlackElo "1530"]
[PlyCount "48"]
[EventDate "2019.04.13"]
[EventRounds "5"]
[EventCountry "DEN"]

1. e4 c5 2. Nf3 d6 3. b3 Nc6 4. Bb2 Nf6 5. Nc3 e6 6. d4 d5 7. exd5 exd5 8. Qe2+
Be6 9. O-O-O Rc8 10. g3 Be7 11. dxc5 O-O 12. Ng5 Bg4 13. f3 Bf5 14. g4 Bg6 15.
h4 h6 16. Nh3 Bxc5 17. Nf4 Re8 18. Qh2 Be3+ 19. Kb1 d4 20. Nce2 d3 21. Nxg6
dxc2+ 22. Kxc2 Nb4+ 23. Kb1 Qxd1+ 24. Nc1 Rxc1+ 0-1